| 000 | 00000nam##2200000za#4500 |
| 001 | 9.658391 |
| 003 | CaOODSP |
| 005 | 20200330132159 |
| 007 | ta |
| 008 | 150407|1996||||xxc||||| f|0| 0 eng|d |
| 020 | |a0-662-62319-3 |
| 040 | |aCaOODSP|beng |
| 041 | |aeng |
| 041 | |afre |
| 043 | |an-cn--- |
| 086 | 1 |aH21-129/1996 |
| 110 | 1 |aCanada.|bHealth Canada. |bStrategic Planning and Review Directorate. |
| 245 | 10|aS & T at work for the health of Canadians : |bthe science and technology action plan of the federal health portfolio / |cIssued by the Policy and Consultation Branch, Strategic Planning and review Directorate. |
| 260 | |aOttawa - Ontario : |bHealth Canada. |c1996. |
| 300 | |aEnglish text, 37p. : |bgraphs ; |c28 cm. |
| 546 | |aBilingual |
| 563 | |aSoftcover |
| 590 | |a96-25|b1996-06-21 |
| 690 | 07|aHealth policy|2gcpds |
| 690 | 07|aTechnology|2gcpds |
| 776 | 0#|tLes S et T au service de la santé des Canadiens et des Canadiennes : |w(CaOODSP)9.640461 |
| 776 | 0#|tS & T at work for the health of Canadians : |w(CaOODSP)9.696344 |
| 792 | |tLes S et T au service de la santé des Canadiens et des Canadiennes : |efre|w(CaOODSP)9.658392 |